[Event "XIII Figueira da Foz Open 2019"]
[Site "Figueira da Foz"]
[Date "2019.11.01"]
[Round "7.3"]
[White "Maiorov, Nikita"]
[Black "Jakubowski, Krzysztof"]
[Result "1-0"]
[WhiteElo "2517"]
[BlackElo "2494"]
[Annotator "TA"]
[PlyCount "101"]
[EventDate "2019.10.27"]
[EventType "swiss"]
[EventCountry "POR"]
[SourceTitle "playchess.com"]
[Source "ChessBase"]
[SourceQuality "1"]

{[%evp 11,101,17,16,9,17,6,13,10,14,14,8,4,15,9,14,14,12,0,5,0,6,6,9,-21,-19,-19,-16,-22,-14,-63,7,-13,-13,-20,0,-11,8,0,18,-5,0,0,0,0,0,0,0,0,0,0,0,0,0,-14,0,0,0,0,0,0,96,92,179,41,31,40,159,171,181,175,166,164,215,245,347,348,475,446,523,465,427,369,716,698,637,504,1329,1344,1235,1273,908,308]} 1. d4 Nf6 2. c4 e6 3. Nf3 Bb4+ 4. Bd2 a5 5. Nc3 d5 6. e3 O-O 7. Rc1 {E11: Bogo-Indian} (7. Qc2 b6 8. cxd5 exd5 9. a3 Be7 10. Bd3 Re8 11. O-O Bf8 12. e4 dxe4 13. Nxe4 Nbd7 14. Neg5 Bd6 15. Bc4 Re7 16. Nxf7 Rxf7 17. Bxf7+ Kh8 18. Rfe1 Bb7 19. Ng5 Qf8 20. Be6 Bd5 21. Bxd5 {1-0 (21) Bacrot,E (2695)-Van Wely,L (2695) chess.com INT 2017}) 7... Nbd7 8. Bd3 b6 9. O-O {The position is equal.} Bb7 10. Qe2 Ne4 11. Rfd1 f5 $146 ({Predecessor:} 11... Nxd2 12. Rxd2 Nf6 13. Rdd1 Qe7 14. cxd5 exd5 15. a3 Bxc3 16. Rxc3 c5 17. Ne5 {0-1 (51) Zude,E (2398)-Epishin,V (2560) Hofheim 2016}) 12. Be1 c6 13. Nd2 Bd6 14. Nf1 Qe7 15. f3 Nxc3 16. bxc3 e5 17. dxe5 Nxe5 18. cxd5 cxd5 19. Bb5 Bc5 20. Kh1 a4 (20... Nf7 $15) 21. Bg3 Kh8 22. Re1 Ra5 23. Nd2 g5 24. c4 {With the idea cxd5.} Ng6 25. Qd3 Qg7 26. cxd5 f4 27. Bf2 Ne5 28. Qf1 Ng4 29. Rxc5 ({Much weaker is} 29. fxg4 fxe3 30. Bxe3 (30. Rxc5 $2 exf2 31. Re4 bxc5 $19) 30... Rxf1+ 31. Nxf1 Rxb5 $15) 29... Nxf2+ 30. Qxf2 {Hoping for Nc4.} bxc5 31. Bc4 fxe3 32. Qxe3 g4 33. fxg4 Qd4 34. h3 (34. Qe7 {looks sharper.} Raa8 35. Nf3 Qxc4 36. Qe5+ Kg8 37. Qg5+) 34... Qxe3 35. Rxe3 Ba6 {[#]} (35... Raa8 $11 {keeps the balance.}) 36. d6 $1 $16 Rd8 {[#]} (36... Bxc4 $16 {was worth a try.} 37. Nxc4 Raa8) 37. Re6 (37. Re7 $1 $18 {And now d7 would win.} Bxc4 38. Nxc4) 37... Bxc4 $14 38. Nxc4 {[%mdl 4096] Endgame KRR-KRN} Ra6 (38... Rb5 $1 $14) 39. Kh2 $16 Kg8 40. Kg3 a3 {intending ...Ra4.} 41. Re5 Kf8 (41... Raxd6 {might work better.} 42. Nxd6 Rxd6) 42. Rxc5 $18 Ke8 (42... Ra7 $142 43. Kf4 Rf7+ 44. Rf5 Kg7) 43. Kf4 Rb8 44. Ke5 Rb7 45. Kd5 Rb1 46. Ke6 {[%cal Rc5c8]} Kd8 $2 (46... Kf8 47. Rc8+ Kg7) 47. Ne5 {Threatening mate with Nf7+.White is clearly winning.} Re1 48. Rb5 {[%cal Rb5b8]} Ra8 (48... Kc8 $142 49. Ke7 Ra7+ 50. Ke8 Rg7 51. Rc5+ Kb7) 49. Rb7 Kc8 50. Rc7+ Kb8 51. Rc5 $2 {Accuracy: White = 62%, Black = 42%.} (51. Kf6 {[%cal Re5d7]} Ra6 52. Nc6+ Rxc6 53. Rxc6) 1-0

[Event "XIII Figueira da Foz Open 2019"]
[Site "Figueira da Foz"]
[Date "2019.11.01"]
[Round "7.4"]
[White "Rey Malde, Henrique"]
[Black "Spraggett, Kevin"]
[Result "1/2-1/2"]
[WhiteElo "2209"]
[BlackElo "2513"]
[Annotator "TA"]
[PlyCount "54"]
[EventDate "2019.10.27"]
[EventType "swiss"]
[EventCountry "POR"]
[SourceTitle "playchess.com"]
[Source "ChessBase"]
[SourceQuality "1"]

{[%evp 17,54,34,37,31,33,2,22,7,24,16,25,25,51,35,18,39,28,22,61,23,69,56,127,36,77,37,48,39,42,47,75,18,87,73,76,0,81,0,61]} 1. e4 e5 2. Nf3 Nc6 3. Bb5 a6 4. Ba4 Nf6 5. d3 d6 6. c3 Be7 7. O-O O-O 8. Re1 b5 9. Bc2 Re8 10. h3 {C84: Closed Ruy Lopez: Unusual White 6th moves} h6 (10... Bb7 11. Nbd2 Bf8 12. a4 Nb8 13. b4 Nbd7 14. Nb3 Rb8 15. axb5 axb5 16. Ra7 Nb6 {1-0 (46) Nepomniachtchi,I (2773)-Amin,B (2704) Abidjan 2019}) 11. Be3 Bf8 12. Nbd2 {[%cal Bb1d2,Bd2f1,Bf1g3][%mdl 32]} Bb7 13. a4 $146 ({Predecessor:} 13. d4 Nb8 14. a4 Nbd7 15. axb5 axb5 16. Rxa8 Qxa8 17. d5 {1-0 (27) Benvenga,S (1817)-Brioschi,C (2021) Gallarate 2007}) 13... b4 14. a5 Rb8 15. Nf1 d5 16. Ng3 Ba8 17. Ba4 Re6 18. Bb3 Qd7 19. Qc2 g6 (19... Ree8 $14) 20. Nh2 ({Better is} 20. exd5 $16 Nxd5 21. Bc4) 20... Ree8 21. Ba4 bxc3 22. bxc3 Bg7 23. Nf3 Kh7 24. Bc5 (24. Ba7 $16) 24... Rbd8 (24... Qe6 $1 $11) 25. Rad1 Rb8 26. Ra1 (26. Ba7 $16 Rbd8 27. Bc5) 26... Kg8 (26... Rbd8 $11 {remains equal.}) 27. Rad1 Kh7 $1 {Accuracy: White = 19%, Black = 31%.} 1/2-1/2

[Event "XIII Figueira da Foz Open 2019"]
[Site "Figueira da Foz"]
[Date "2019.11.01"]
[Round "7.5"]
[White "Galego, Luis"]
[Black "Medarde Santiago, Luis Marcos"]
[Result "1-0"]
[WhiteElo "2483"]
[BlackElo "2285"]
[Annotator "TA"]
[PlyCount "105"]
[EventDate "2019.10.27"]
[EventType "swiss"]
[EventCountry "POR"]
[SourceTitle "playchess.com"]
[Source "ChessBase"]
[SourceQuality "1"]

{[%evp 9,105,-20,-7,-11,-16,-4,-11,-17,23,30,72,52,64,6,45,41,45,43,37,38,39,34,50,37,37,27,16,16,22,13,9,16,23,0,0,0,0,0,0,0,0,0,0,0,0,0,11,0,22,0,120,122,144,150,227,212,203,95,135,144,172,162,158,118,155,160,156,115,180,178,198,195,192,107,163,60,43,49,77,74,302,294,290,291,626,604,588,579,29965,29962,29984,29980,29980,29981,29984,29985,29984,29983]} 1. d4 Nf6 2. Bg5 d5 3. Bxf6 gxf6 4. e3 c5 5. Nc3 Nc6 6. dxc5 {D01: Veresov Opening} (6. Nf3 Bg4 7. h3 cxd4 8. exd4 Bxf3 9. Qxf3 Nxd4 10. Qg4 Nc6 11. O-O-O e6 12. Bc4 Qd7 13. Bxd5 exd5 14. Nxd5 Qxg4 15. Nxf6+ {½-½ (49) Nakamura,H (2779)-Bu,X (2705) Doha 2016}) 6... e6 $1 7. Qh5 Bxc5 8. O-O-O {Black should prevent e4.The position is equal.} Bb4 9. Nge2 f5 $146 ({Predecessor:} 9... Qe7 10. e4 Bxc3 11. Nxc3 d4 12. Nb5 e5 13. Bc4 {1-0 (45) Cramling Bellon,A (2013)-Muetsch,A (2233) Bratislava 2019}) 10. h3 Qf6 11. Nb5 (11. g4 $14) 11... Qe7 12. g4 {gxf5 is the strong threat.} a6 13. Nbd4 Nxd4 14. Nxd4 fxg4 15. hxg4 Bd7 16. Kb1 O-O-O 17. c4 dxc4 18. Bxc4 Kb8 19. Qe5+ Bd6 20. Qe4 Rc8 21. Qd3 h6 22. f3 Be5 23. Rh5 Bxd4 24. Qxd4 Bc6 {Threatens to win with ...Rhd8.} 25. Qf4+ Ka8 26. Rc1 Qb4 27. a3 Qb6 28. e4 ({Much worse is} 28. Qxf7 Be8 $17) 28... Qf2 29. Ka2 Qd4 (29... Ba4 $11 {keeps the balance.}) 30. Bb3 $16 Ba4 31. Bxa4 Rxc1 (31... Qxa4 $16 32. Rxh6 Rhd8) 32. Qxc1 $18 Qxa4 $16 {[%mdl 4096] Endgame KQR-KQR} 33. Qc3 (33. g5 $18 {is the precise move to win.}) 33... Rd8 34. Rxh6 Qd7 35. Rh7 Rc8 36. Qb3 Rc7 37. g5 {[#] aiming for g6!} Qd6 38. Qb4 Qc6 (38... Qd3 $16 {keeps fighting.}) 39. f4 $18 Ka7 40. Qd4+ b6 {[#] intending ...Rd7.} 41. Qc3 (41. f5 $1 $18 {Strongly threatening g6.} Rd7 42. Qe3 exf5 43. Qb3 (43. exf5 Qd5+ {[%mdl 64] Double Attack} 44. Qb3 Qxf5 $11) 43... fxe4 44. Rxf7) 41... Qb7 (41... Qd6 $16 {might work better.} 42. Qe5 Qc6) 42. Qe5 (42. Qd3 $18) 42... Qc6 $1 $14 43. Rh1 $36 {[%mdl 2048] White has the initiative.} Qc4+ 44. Ka1 Rd7 $2 (44... Kb7 $16 {was worth a try.}) 45. f5 $18 exf5 46. exf5 a5 $2 (46... Qc6 47. Rg1 Rd5 48. Qe7+ Rd7) 47. g6 fxg6 48. fxg6 Qg4 49. Rh7 {White mates.} a4 50. Qb5 Qd1+ 51. Ka2 Rb7 52. Rxb7+ Kxb7 53. Qc4 {Accuracy: White = 62%, Black = 48%.} 1-0

[Event "XIII Figueira da Foz Open 2019"]
[Site "Figueira da Foz"]
[Date "2019.11.01"]
[Round "7.6"]
[White "Barski, Radoslaw"]
[Black "Romanishin, Oleg M"]
[Result "1/2-1/2"]
[WhiteElo "2437"]
[BlackElo "2441"]
[Annotator "TA"]
[PlyCount "78"]
[EventDate "2019.10.27"]
[EventType "swiss"]
[EventCountry "POR"]
[SourceTitle "playchess.com"]
[Source "ChessBase"]
[SourceQuality "1"]

{[%evp 22,78,28,31,26,27,35,20,45,20,35,36,44,54,75,65,108,94,83,84,91,88,106,32,90,68,59,77,87,34,43,34,72,70,66,55,74,39,49,40,46,37,52,8,8,11,121,27,39,35,128,58,58,61,125,6,22,24,8]} 1. e4 e5 2. Nf3 Nc6 3. Bb5 a6 4. Ba4 Nf6 5. O-O Be7 6. Re1 b5 7. Bb3 d6 8. c3 O-O 9. h3 Na5 10. Bc2 c5 11. d4 Nd7 12. a4 Bb7 {C96: Closed Ruy Lopez: Chigorin Defence: 11 d4, replies other than 11...Qc7} (12... b4 13. Nbd2 Rb8 14. Nf1 b3 15. Bd3 exd4 16. cxd4 c4 17. Be2 c3 18. Ng3 Nf6 19. Bd3 Nc6 20. d5 {0-1 (37) Quesada Perez,Y (2627)-Caruana,F (2811) chess.com INT 2018}) 13. d5 Qc7 14. b4 Nc4 {The position is equal.} 15. Nfd2 Nxd2 16. Bxd2 bxa4 17. Bxa4 Nb6 18. bxc5 $146 ({Predecessor:} 18. Na3 f5 19. bxc5 Qxc5 20. Be3 {1-0 (46) Barski,R (2402)-Svetushkin,D (2563) Paleochora 2017}) 18... dxc5 19. Na3 f5 20. c4 {Hoping for Ba5.} Nxa4 21. Qxa4 fxe4 22. Rab1 (22. Be3 $16) 22... Bd6 ({Better is} 22... Bh4 $14 23. Re2 Rf7) 23. Qa5 {[#] Threatens to win with Qxc7.} ({But not} 23. Rxe4 Bc8 $11) 23... Qxa5 24. Bxa5 Rfb8 25. Rxe4 ({White should play} 25. Ra1 $16) 25... Bc8 $14 26. g4 Bd7 27. Bc3 Rxb1+ 28. Nxb1 Be8 29. Nd2 Bg6 30. Re1 ({Of course not} 30. Bxe5 Bxe4 31. Bxd6 Bd3 $17) 30... a5 31. Ra1 ({Much weaker is} 31. Bxe5 Bxe5 32. Rxe5 a4 $15) 31... a4 32. Ra3 Bc2 33. f3 h5 (33... e4 $11 {remains equal.}) 34. Kf2 (34. gxh5 $16 Rf8 35. Kg2) 34... hxg4 $11 35. hxg4 Kf7 {[#]} (35... e4 $14) 36. Ke3 (36. Ra2 $1 $16 {[%cal Ra2c2]} Bg6 37. Ke3) 36... Ke7 $14 37. Ra2 Bg6 (37... Bd1 $14) 38. Nb3 (38. Ne4 $16) 38... Kd7 39. Na5 e4 {Accuracy: White = 54%, Black = 42%.} 1/2-1/2

[Event "XIII Figueira da Foz Open 2019"]
[Site "Figueira da Foz"]
[Date "2019.11.01"]
[Round "7.7"]
[White "Gomez Dieguez, David"]
[Black "Martin Duque, Jesus"]
[Result "*"]
[WhiteElo "2336"]
[BlackElo "2445"]
[Annotator "RC"]
[PlyCount "22"]
[EventDate "2019.10.27"]
[EventType "swiss"]
[EventCountry "POR"]
[SourceTitle "playchess.com"]
[Source "ChessBase"]
[SourceQuality "1"]
[TimeControl "40/5400+30:1800+30"]

1. e4 c5 2. Nc3 Nc6 3. Nge2 e6 4. d4 cxd4 5. Nxd4 Qc7 6. g3 a6 7. Bg2 Nge7 {[%emt 0:01:03]} 8. O-O {[%emt 0:12:24]} Nxd4 {[%emt 0:00:30]} 9. Qxd4 {[%emt 0:00:30]} Nc6 {[%emt 0:00:30]} 10. Qd1 {[%emt 0:00:30]} Be7 {[%emt 0:00:30]} 11. f4 {[%emt 0:00:30]} d6 {[%emt 0:00:30]} *

[Event "XIII Figueira da Foz Open 2019"]
[Site "Figueira da Foz"]
[Date "2019.11.01"]
[Round "7.7"]
[White "Gomez Dieguez, David"]
[Black "Martin Duque, Jesus"]
[Result "0-1"]
[WhiteElo "2336"]
[BlackElo "2445"]
[Annotator "TA"]
[PlyCount "50"]
[EventDate "2019.10.27"]
[EventType "swiss"]
[EventCountry "POR"]
[SourceTitle "playchess.com"]
[Source "ChessBase"]
[SourceQuality "1"]

{[%evp 14,50,61,29,23,18,35,18,19,11,24,-4,0,-23,131,-167,96,-147,0,-175,112,1,172,0,26,-184,41,-179,-137,-197,0,-163,66,-216,-154,-184,0,0,0]} 1. e4 c5 2. Nc3 Nc6 3. Nge2 e6 4. d4 cxd4 5. Nxd4 Qc7 6. g3 a6 7. Bg2 Nge7 8. O-O Nxd4 {B47: Sicilian: Taimanov: 5 Nc3 Qc7 6 f4, 6 g3 and 6 Be2} 9. Qxd4 Nc6 10. Qd1 Be7 11. Bf4 d6 12. h4 $146 ({Predecessor:} 12. Ne2 Ne5 13. b3 b5 14. Be3 O-O 15. Kh1 Ng4 16. Bd4 {0-1 (56) Kuderinov,K (2442)-Morozevich,A (2730) Turin 2006}) 12... Ne5 13. Bc1 g5 $2 {[#]} (13... O-O $11) 14. Ne2 $2 {[%mdl 8192]} (14. hxg5 $16 {and life is bright. aiming for f4.} Bd7 15. Be3) 14... Bd7 $2 (14... gxh4 $19 15. a4 Bd7) 15. a4 $2 (15. hxg5 $16 O-O 16. f4 Qc5+ 17. Qd4) 15... Rc8 (15... gxh4 $17 {And now ...Rc8 would win.} 16. Ra3 hxg3 17. Nxg3 {[#]} h5 $1 {[%mdl 512]} 18. Nxh5 O-O-O) 16. c3 $2 (16. hxg5 $11 Qxc2 17. Nc3 Qxd1 18. Rxd1) 16... Ng4 $2 (16... gxh4 $19 17. gxh4 Bxh4) 17. Nf4 (17. Nd4 $16 h5 18. hxg5 (18. Bxg5 Bxg5 19. hxg5 Ne5 $16)) 17... Qa5 $2 (17... Nxf2 $11 {and Black is okay.} 18. Rxf2 gxf4) 18. e5 $2 (18. hxg5 $18 Ne5 19. Nh5) 18... Nxe5 19. Nh5 $2 (19. hxg5 $11 Bc6 20. Bxc6+ Nxc6 21. Nh5) 19... Bc6 $2 (19... gxh4 $19 20. Bxb7 Rc4) 20. f4 $2 (20. hxg5 $14 {keeps the upper hand.} Bxg2 21. Kxg2) 20... Qc5+ 21. Rf2 (21. Qd4 $17 Bxg2 22. Kxg2 gxf4 23. Bxf4) 21... Bxg2 $2 ({Stronger than} 21... gxh4 22. fxe5 hxg3 23. Nxg3 $14) ({Black should play} 21... gxf4 $19 22. b4 Qxc3 {[%mdl 64] Double Attack} 23. Bxf4 Rg8 24. Bxc6+ bxc6) 22. Kxg2 $2 (22. fxe5 $11 Bd5 23. exd6 Qxd6 24. Bxg5) 22... Nc4 $2 (22... gxf4 $19 23. Bxf4 Rg8 24. Bxe5 dxe5) 23. f5 $2 {[%mdl 8192]} (23. fxg5 $14 Qc6+ 24. Kh2) 23... Qc6+ 24. Kh3 Kd7 $2 (24... gxh4 $19 25. gxh4 h6) 25. fxe6+ fxe6 {[%mdl 32768] Accuracy: White =  4%, Black = 12%. . Loss on time!?} 0-1

[Event "XIII Figueira da Foz Open 2019"]
[Site "Figueira da Foz"]
[Date "2019.11.01"]
[Round "7.8"]
[White "Djuric, Stefan"]
[Black "Gavasheli, Ana"]
[Result "1-0"]
[WhiteElo "2356"]
[BlackElo "2240"]
[Annotator "TA"]
[PlyCount "61"]
[EventDate "2019.10.27"]
[EventType "swiss"]
[EventCountry "POR"]
[SourceTitle "playchess.com"]
[Source "ChessBase"]
[SourceQuality "1"]

{[%evp 9,61,55,50,45,60,62,69,57,68,73,74,81,91,62,138,57,56,60,66,39,53,56,65,45,88,45,64,8,6,0,86,70,287,296,322,325,575,545,678,533,532,531,514,502,476,375,611,572,638,628,29996,29997,29998,29999]} 1. e4 d5 2. exd5 Qxd5 3. Nf3 Bg4 4. Be2 e6 5. O-O Nf6 6. h3 {B01: Scandinavian Defence} Bh5 7. d4 Be7 8. c4 {White is slightly better.} Qd8 9. Qb3 b6 (9... Qc8 10. Nc3 O-O 11. Be3 Nbd7 12. Rfd1 h6 13. Rac1 a6 14. a3 {1-0 (41) Anand,V (2764)-Duda,J (2729) Paris 2019}) 10. Nc3 O-O 11. Rd1 Qc8 {[#]} (11... Nbd7 $14) 12. Bf4 $146 (12. g4 $1 $16 {[%cal Rg4h5]} Bg6 13. Ne5) ({Predecessor:} 12. Be3 Nbd7 13. Rac1 Qb7 14. Bf4 {½-½ (58) Kharchenko,B (2142)-Saatdjian,T (2048) Chalkidiki 2003}) 12... Nbd7 $14 13. a4 a5 14. Nb5 Ne8 15. Qe3 $36 {[%mdl 2048] Black is under pressure.} c6 16. Nc3 Nd6 17. Rac1 {Strongly threatening g4.} Re8 18. Bxd6 (18. g4 $14 Bg6 19. Kg2) 18... Bxd6 $11 19. Ne4 Bb8 (19... Be7 $11 {remains equal.}) 20. c5 $16 e5 $2 (20... f6 $14) 21. cxb6 $18 Nxb6 22. d5 ({Less strong is} 22. Nxe5 Nd5 $14) 22... f5 $2 (22... Nxd5 23. Rxd5 cxd5) 23. Rxc6 ({Weaker is} 23. Qxb6 fxe4 24. d6 (24. Rxc6 Ba7 $15) 24... Qd7 $16) 23... Nxd5 24. Bc4 Qxc6 25. Bxd5+ Qxd5 26. Rxd5 {Hoping for Qg5.} fxe4 27. Ng5 {Threatens to win with Rd7.} h6 $2 (27... Ba7 28. Qxe4 Bg6) 28. Nxe4 Bf7 29. Rd7 Be6 {[#]} 30. Nf6+ $1 {[%mdl 576] Double Attack} Kh8 {[#]} (30... gxf6 31. Qg3+) 31. Qxh6+ $1 {[%mdl 512] Accuracy: White = 57%, Black = 30%.} 1-0

[Event "XIII Figueira da Foz Open 2019"]
[Site "Figueira da Foz"]
[Date "2019.11.01"]
[Round "7.9"]
[White "Fernandes, Miguel A. Murtinho"]
[Black "Pintor, Simao Maciel Abranch"]
[Result "1-0"]
[WhiteElo "2115"]
[BlackElo "2137"]
[Annotator "TA"]
[PlyCount "75"]
[EventDate "2019.10.27"]
[EventType "swiss"]
[EventCountry "POR"]
[SourceTitle "playchess.com"]
[Source "ChessBase"]
[SourceQuality "1"]

{[%evp 21,97,23,20,35,55,29,34,29,34,20,31,25,10,20,18,0,10,-4,0,-67,-12,-6,-6,-73,-68,-64,-45,-69,-58,-66,-30,-35,-27,-21,-29,-224,0,0,1,0,0,0,0,-7,-6,-7,0,-622,0,0,0,0,0,0,147,94,150,143,138,111,152,158,195,180,233,180,311,118,585,162,625,511,652,648,618,594,1058,975]} 1. d4 d5 2. c4 e6 3. Nc3 c5 4. cxd5 exd5 5. Nf3 Nc6 6. g3 Nf6 7. Bg2 Be7 8. O-O O-O 9. dxc5 Bxc5 10. Na4 Be7 11. Be3 Re8 12. Rc1 {D34: Tarrasch Defence: 6 g3 Nf6 7 Bg2 Be7} Bf8 (12... Ne4 13. Nd4 Bd7 14. Nc3 Bf6 15. Nxd5 Bxd4 16. Bxd4 Be6 17. Bxe4 Bxd5 18. Bb6 Qxb6 19. Bxd5 Rad8 20. e4 Nb4 {½-½ (43) Le,Q (2714)-Boros,D (2442) Burlingame 2019}) 13. Bc5 Bxc5 14. Nxc5 {White is slightly better.} Qb6 15. b3 Bg4 $146 ({Predecessor:} 15... Bf5 16. e3 Rad8 17. Nd4 Bg4 18. f3 Bc8 19. Na4 Qc7 20. Nxc6 bxc6 {0-1 (38) Laxman,R (2474)-Kulkarni,R (2280) Nagpur 2012}) 16. h3 Bxf3 17. Bxf3 Rad8 18. Na4 Qb4 19. Rc5 Nd4 20. Rc7 (20. Kg2 $11 Nxf3 21. exf3) 20... Nxf3+ (20... Ne4 $15 21. Bg4 b5) 21. exf3 $11 d4 {Hoping for ...d3.} 22. Qd3 (22. Rc2 $11) 22... b5 $17 23. Nb2 Qa5 24. Rc2 $1 Nd5 25. a4 Nb4 26. Qd2 d3 27. Rc5 Re2 28. Qf4 $2 {[#]} (28. Qg5 $1 $11) 28... Rxb2 $2 (28... Nd5 $1 $19 {[%cal Rd5f4]} 29. Qc1 d2) 29. Rxb5 $11 Qa6 {And now ...Nc6 would win.} 30. Rxb4 h6 31. Rd1 $40 {[%mdl 128] White is up to no good.} Qe6 32. Qe4 Qd6 {Strongly threatening ...Qc5!} 33. Rb5 Re2 34. Qb4 $2 {[%mdl 8192]} (34. Qc4 $11) 34... Qe6 $2 (34... d2 $19 {( -> ...Qxb4)} 35. Qc3 {[#]} Qd4 $1 {[%mdl 512]} 36. Qxd4 Re1+ {[%mdl 64] Double Attack} 37. Kg2 Rxd4 38. Rxd2 Rxd2) 35. Rb8 Rxb8 36. Qxb8+ {[%mdl 4160] Endgame Double Attack. KQR-KQR} Kh7 37. Qb4 {Qc3 is the strong threat.} Qxh3 (37... g6 $11 {keeps the balance.}) 38. Qc3 {Played: Qb4-b5} 1-0

[Event "XIII Figueira da Foz Open 2019"]
[Site "Figueira da Foz"]
[Date "2019.11.01"]
[Round "7.10"]
[White "Garcia Dorado, Alberto"]
[Black "Morais, Mario Martins Freita"]
[Result "1-0"]
[WhiteElo "2170"]
[BlackElo "1742"]
[Annotator "TA"]
[PlyCount "101"]
[EventDate "2019.10.27"]
[EventType "swiss"]
[EventCountry "POR"]
[SourceTitle "playchess.com"]
[Source "ChessBase"]
[SourceQuality "1"]

{[%evp 9,109,47,70,73,94,70,95,85,93,91,97,53,54,58,70,71,78,70,97,55,108,108,108,97,93,97,100,99,146,143,161,157,158,156,164,156,174,169,150,164,175,172,178,87,114,0,9,0,0,0,0,0,11,10,14,11,75,0,80,107,131,144,136,104,293,291,291,299,293,282,431,405,275,0,283,92,354,345,325,312,458,446,887,793,783,647,1156,1158,1008,805,1167,1414,1210,1544,1371,1462,1700,1724,2576,2452,2197,1824]} 1. d4 Nf6 2. c4 b6 3. f3 e6 4. e4 d6 (4... Bb7 5. Nc3 d5 6. cxd5 exd5 7. e5 Nfd7 8. f4 c5 9. Nf3 Be7 10. Be3 O-O 11. Be2 Nc6 12. Nxd5 cxd4 13. Bxd4 Nxd4 14. Nxe7+ Qxe7 15. Qxd4 {½-½ (49) Wojtaszek,R (2736)-Delgado Ramirez,N (2618) Baku 2016}) 5. Nc3 Nc6 $146 ({Predecessor:} 5... c5 6. d5 e5 7. Be3 h5 8. h4 Be7 9. g3 Nbd7 10. Bh3 Nf8 11. Qd3 Ng6 {1-0 (49) Sanchez,S (2414)-Pena,A (2296) Quibdo 2015}) 6. Be3 {A50: Queen's Fianchetto Defence (1 d4 Nf6 2 c4 b6)} e5 7. Nge2 g6 8. Qd2 {White is better.} Bg7 9. O-O-O Ba6 10. b3 exd4 11. Nxd4 Nxd4 12. Bxd4 O-O 13. Kb1 Bb7 14. Nd5 a5 (14... Nd7 $14) 15. Qb2 $16 Bxd5 16. cxd5 ({Reject} 16. exd5 $6 a4 $11) 16... a4 17. b4 a3 18. Qc3 Qe7 19. Bb5 h6 20. Bc6 Ra7 21. Rhe1 Nh5 22. g3 Rb8 23. Bxg7 Nxg7 24. Qd4 Ra6 25. Re3 b5 26. Rdd3 (26. Rc1 $18 {and White stays clearly on top.}) 26... Ne6 27. Qa1 (27. dxe6 $16 Rxc6 28. Qa7 (28. Rxa3 Qxe6 29. Qb2 Rc4 $15)) 27... Nd8 $11 28. Rxa3 Rxa3 29. Rxa3 Nxc6 30. dxc6 {[%mdl 4096] Endgame KQR-KQR} d5 31. Qd4 dxe4 32. Qxe4 Qf6 (32... Qf8 $11) 33. Kc2 ({Better is} 33. Rd3 $1 $16) 33... Rb6 (33... Qa1 $11) 34. Rc3 $16 Ra6 35. a3 Ra8 36. f4 Kf8 $2 (36... g5 $16 {was necessary.}) 37. Qe5 $18 Qxe5 38. fxe5 {KR-KR} Ke7 39. Kb3 $1 Rd8 (39... Ke6 {keeps fighting.} 40. Rc5 Rb8) 40. Rc5 Rd3+ 41. Rc3 $2 (41. Kb2 $18) 41... Rd5 $2 {[%mdl 8192] [#]} (41... Rd8 $1 $11) 42. Re3 $2 (42. a4 $1 $18) 42... Ke6 $2 {[%mdl 8192] [#]} (42... Rd1 $16) 43. a4 $1 {[%cal Ra4b5]} bxa4+ 44. Kxa4 Rd4 (44... Rd2 {is a better defense.} 45. Kb5 Rxh2) 45. Ka5 {White is clearly winning.} Rd8 (45... Rd2 $142 46. Ka6 Rxh2) 46. Ka6 Rb8 47. b5 Rb6+ 48. Ka5 Rb8 49. Kb4 Kd5 50. Rd3+ Kxe5 51. Kc5 {Played: Rd3-d7} 1-0